Ilmu perkhemahan
| Main Author: | |
|---|---|
| Format: | Book |
| Published: |
Kuala Lumpur :
Edusystem Sdn Bhd ,
1994
|
| Series: | Panduan pengakap
|
| Subjects: |
MARC
| LEADER | 00000cam a2200000 7i4500 | ||
|---|---|---|---|
| 001 | 0000024775 | ||
| 002 | 000026743 | ||
| 005 | 20080122.0 | ||
| 020 | |a 9679062325 | ||
| 090 | 0 | 0 | |a 369.43 |b MAI |
| 100 | 0 | |a Maizal Affendey | |
| 245 | 1 | 0 | |a Ilmu perkhemahan |c Maizal Affendey |
| 260 | |a Kuala Lumpur : |b Edusystem Sdn Bhd , |c 1994 | ||
| 300 | |a 49p. ; |c 17cm. | ||
| 490 | 0 | |a Panduan pengakap | |
| 650 | 0 | 0 | |a Scouts and scouting |
| 999 | |a 00073252 |b BUKU |c PINJAMAN |e PERPUSTAKAAN KOMUNITI PETALING JAYA | ||